000 00721nam a22001937a 4500
005 20251108165526.0
008 250721s2000 xx 000 0 ara d
082 1 4 _aم/818.2003/خوي
100 1 _aالخويي، أبو يعقوب يوسف بن طاهر
245 1 0 _aفرائد الخرائد في الأمثال :
_bمعجم في الأمثال و الحكم النثرية و الشعرية /
264 1 _aعمان :
_bدار النفائس للنشر و التوزيع،
_c2000.
300 _a638ص.
650 1 7 _aالأدب العربي
650 1 7 _aالأمثال
650 1 7 _aالحكم (الأمثال)
700 1 _aحسين، عبد الرازق
_eتحقيق
942 _2ddc
_cREF
999 _c29965
_d29965